[Event "NCA-ch (Women)"]
[Site "Managua"]
[Date "2023.04.02"]
[Round "5"]
[White "Martinez Orozco, Cristiana Yorlene"]
[Black "Granados Ortiz, Maria Jose"]
[Result "1/2-1/2"]
[WhiteElo "1549"]
[BlackElo "1746"]
[PlyCount "88"]
[EventDate "2023.03.25"]
[EventType "swiss"]
[EventRounds "9"]
[EventCountry "NCA"]
[SourceTitle "EXT 2024"]
[Source "ChessBase"]
[SourceDate "2023.10.10"]
[SourceVersion "1"]
[SourceVersionDate "2023.10.10"]
[SourceQuality "1"]

1. d4 d5 2. c4 c6 3. Nf3 Nf6 4. e3 Bg4 5. Nbd2 e6 6. Bd3 Nbd7 7. Qc2 dxc4 8. Bxc4 Rc8 9. Qb3 Qb6 10. 0-0 Be7 11. h3 Bh5 12. a3 0-0 13. Qa2 c5 14. b3 cxd4 15. Nxd4 Rfd8 16. Bb2 a6 17. Rac1 Qd6 18. N2f3 Nb6 19. Be2 Nfd5 20. Rfd1 Bf6 21. Ne1 Bxe2 22. Nxe2 Bxb2 23. Qxb2 Qe7 24. Nf3 h6 25. Rxc8 Rxc8 26. Rc1 Rc5 27. b4 Rxc1+ 28. Qxc1 Qc7 29. Qxc7 Nxc7 30. Nd2 Nb5 31. Nb1 Kf8 32. Kf1 Ke7 33. Ke1 Kd6 34. Nec3 Kc6 35. Ke2 Nd5 36. Nxd5 Kxd5 37. Kd3 Nd6 38. Nc3+ Kc6 39. a4 b6 40. e4 f6 41. f3 a5 42. bxa5 bxa5 43. Ne2 Kc5 44. Kc3 e5 1/2-1/2

[Event "NCA-ch (Women)"]
[Site "Managua"]
[Date "2022.04.24"]
[Round "9"]
[White "Granados Ortiz, Maria Jose"]
[Black "Martinez Orozco, Cristiana Yorlene"]
[Result "1/2-1/2"]
[WhiteElo "1746"]
[BlackElo "1496"]
[PlyCount "66"]
[EventDate "2022.04.02"]
[EventType "swiss"]
[EventRounds "9"]
[EventCountry "NCA"]
[SourceTitle "EXT 2023"]
[Source "ChessBase"]
[SourceDate "2022.10.05"]
[SourceVersion "1"]
[SourceVersionDate "2022.10.05"]
[SourceQuality "1"]

1. e4 c6 2. d4 d5 3. Nc3 dxe4 4. Nxe4 Nf6 5. Nxf6+ exf6 6. Nf3 Bd6 7. h3 0-0 8. Be2 Re8 9. 0-0 Nd7 10. b3 Nf8 11. c4 Bf5 12. Bd3 Qd7 13. Bxf5 Qxf5 14. Be3 Rad8 15. Rc1 Ng6 16. Nd2 h5 17. Qc2 Qd7 18. Qd1 Bf4 19. Re1 Qf5 20. Qf3 Qg5 21. Ne4 Qh6 22. Nc5 Bxe3 23. Rxe3 b6 24. Nd3 Rxe3 25. fxe3 Nh4 26. Qf2 Nxg2 27. Kxg2 Qg6+ 28. Kh2 Qxd3 29. Rg1 Kf8 30. Qf3 Rd6 31. Rxg7 Kxg7 32. Qg3+ Kh7 33. Qxd6 Qe2+ 1/2-1/2

[Event "NCA-ch (Women) final"]
[Site "Managua"]
[Date "2021.03.28"]
[Round "2"]
[White "Aleman Martinez, Verania Monserrat"]
[Black "Martinez Orozco, Cristiana Yorlene"]
[Result "0-1"]
[WhiteElo "1401"]
[BlackElo "1477"]
[PlyCount "82"]
[EventDate "2021.03.27"]
[EventType "tourn"]
[EventRounds "9"]
[EventCountry "NCA"]
[SourceTitle "EXT 2022"]
[Source "ChessBase"]
[SourceDate "2021.10.06"]
[SourceVersion "1"]
[SourceVersionDate "2021.10.06"]
[SourceQuality "1"]

1. d4 d5 2. c4 dxc4 3. Nc3 Nf6 4. e4 e6 5. a3 c5 6. Be3 cxd4 7. Bxd4 Nc6 8. Bxf6 Qxf6 9. Nf3 Bc5 10. Be2 0-0 11. 0-0 Rd8 12. Qa4 Ne5 13. h3 a6 14. Nxe5 Qxe5 15. Qxc4 b5 16. Qb3 Bb7 17. Qc2 Rd4 18. Bf3 Bd6 19. g3 Rc8 20. Qe2 b4 21. axb4 Bxb4 22. Rfe1 g6 23. Kh2 Rcd8 24. Rad1 Bxc3 25. bxc3 Rxd1 26. Rxd1 Rxd1 27. Qxd1 Qxc3 28. Bg2 e5 29. g4 Qd4 30. Qe2 a5 31. Qe3 a4 32. Qxd4 exd4 33. Bf1 Bxe4 34. Bc4 d3 35. Kg1 d2 36. Bb3 axb3 37. Kh2 d1Q 38. Kg3 Qf3+ 39. Kh4 Qxf2+ 40. Kg5 f6+ 41. Kh6 Qh4# 0-1

[Event "NCA-chT 1st Stage"]
[Site "Managua"]
[Date "2020.10.10"]
[Round "6.8"]
[White "Martinez Orozco, Cristiana Yorlene"]
[Black "Sanchez, Eneo"]
[Result "1/2-1/2"]
[WhiteElo "1450"]
[BlackElo "1871"]
[PlyCount "60"]
[EventDate "2020.10.03"]
[EventType "team-swiss"]
[EventRounds "9"]
[EventCountry "NCA"]
[SourceTitle "EXT 2022"]
[Source "ChessBase"]
[SourceDate "2021.10.06"]
[SourceVersion "1"]
[SourceVersionDate "2021.10.06"]
[SourceQuality "1"]

1. d4 Nf6 2. Nf3 g6 3. c4 Bg7 4. Nc3 d6 5. e4 Bg4 6. Be2 Nc6 7. Be3 0-0 8. 0-0 Bxf3 9. Bxf3 e5 10. d5 Ne7 11. Be2 Ne8 12. f3 f5 13. b4 f4 14. Bf2 g5 15. c5 Rf7 16. Be1 Bf8 17. g4 h5 18. h3 Rh7 19. Kg2 Ng6 20. c6 b6 21. Rh1 Qe7 22. Bf2 a5 23. b5 Nf6 24. a4 Bg7 25. Rh2 Kf7 26. Qh1 Rah8 27. Bg1 Qd8 28. Ra2 Rh6 29. Bd1 R8h7 30. Kf1 h4 1/2-1/2